[Event "Loire-ch Top20 1112"]
[Site "Loire"]
[Date "2012.04.28"]
[Round "6.5"]
[White "Longueville, Thomas"]
[Black "Jan, Christophe"]
[Result "0-1"]
[WhiteElo "1788"]
[BlackElo "1880"]
[PlyCount "68"]
[EventDate "2011.10.08"]
[EventType "tourn"]
[EventRounds "7"]
[EventCountry "FRA"]
[SourceTitle "EXT 2014"]
[Source "ChessBase"]
[SourceDate "2013.11.20"]
[SourceVersion "1"]
[SourceVersionDate "2013.11.20"]
[SourceQuality "1"]

1. Nf3 d5 2. d4 Nf6 3. e3 c5 4. b3 g6 5. Bd3 Nc6 6. Bb2 Bg7 7. Nbd2 cxd4 8. exd4 0-0 9. 0-0 Nb4 10. Be2 Bf5 11. c3 Nd3 12. Ba3 Nf4 13. Re1 Nxe2+ 14. Qxe2 Ne4 15. Nxe4 dxe4 16. Ng5 Re8 17. Nxe4 Qc7 18. Bb2 Rad8 19. Rad1 b6 20. g4 Bc8 21. Qf3 Bb7 22. Qh3 e5 23. c4 exd4 24. Bxd4 Bxe4 25. Qc3 Bxd4 26. Rxd4 Rxd4 27. Qxd4 Qf4 28. Qd7 Re6 29. Qd8+ Kg7 30. Qd4+ Kf8 31. h3 Qf3 32. Qd8+ Re8 33. Qd6+ Kg8 34. Qh2 Qc3 0-1

[Event "Loire-ch Top20 1112"]
[Site "Loire"]
[Date "2011.10.08"]
[Round "1.7"]
[White "Moleins, Adrien"]
[Black "Jan, Christophe"]
[Result "1-0"]
[WhiteElo "1696"]
[BlackElo "1880"]
[PlyCount "101"]
[EventDate "2011.10.08"]
[EventType "tourn"]
[EventRounds "7"]
[EventCountry "FRA"]
[SourceTitle "EXT 2014"]
[Source "ChessBase"]
[SourceDate "2013.11.20"]
[SourceVersion "1"]
[SourceVersionDate "2013.11.20"]
[SourceQuality "1"]

1. e4 e6 2. d4 d5 3. e5 c5 4. c3 Nc6 5. Nf3 Qb6 6. a3 a5 7. Bd3 c4 8. Bc2 Qd8 9. Ng5 g6 10. Qf3 Nh6 11. a4 Bg7 12. Na3 0-0 13. Qg3 Nf5 14. Bxf5 exf5 15. f4 f6 16. Nf3 Re8 17. 0-0 b6 18. Nb5 Bf8 19. exf6 Na7 20. Qh4 Nxb5 21. Ng5 Ra7 22. axb5 Qxf6 23. Qg3 Bd7 24. Qf3 Qd6 25. Bd2 h6 26. Nh3 Bxb5 27. Rae1 Rae7 28. Re5 Bc6 29. Be1 Bg7 30. Bh4 Re6 31. Rfe1 Bxe5 32. fxe5 Qf8 33. Nf4 g5 34. Nxe6 Rxe6 35. Bg3 Kg7 36. Rf1 Kg6 37. h4 f4 38. Qg4 Re7 39. Rxf4 Qe8 40. Rf6+ Kg7 41. hxg5 h5 42. Qf5 Bd7 43. Qf3 Be6 44. g6 Qg8 45. Qxh5 Qh8 46. Qf3 Qe8 47. Bh4 b5 48. Qh5 Qh8 49. Qxh8+ Kxh8 50. Rf8+ Kg7 51. Bxe7 1-0

[Event "Loire-ch Top20 1011"]
[Site "Loire"]
[Date "2011.03.12"]
[Round "6"]
[White "Jan, Christophe"]
[Black "Moleins, Adrien"]
[Result "1-0"]
[WhiteElo "1800"]
[BlackElo "1699"]
[PlyCount "99"]
[EventDate "2010.10.09"]
[EventType "swiss"]
[EventRounds "7"]
[EventCountry "FRA"]
[SourceTitle "EXT 2012"]
[Source "ChessBase"]
[SourceDate "2011.11.24"]
[SourceVersion "1"]
[SourceVersionDate "2011.11.24"]
[SourceQuality "1"]

1. e4 e5 2. Nf3 Nc6 3. Bb5 f5 4. exf5 e4 5. Qe2 Qe7 6. Bxc6 dxc6 7. Nd4 Nf6 8. Nc3 a6 9. Qc4 Qe5 10. Nxc6 Qxf5 11. Nd4 Qe5 12. b4 c5 13. bxc5 Bxc5 14. Nb3 Bd6 15. Bb2 Be6 16. Qd4 0-0-0 17. Qxe5 Bxe5 18. h3 Nd5 19. Nc5 Bf5 20. Nxd5 Rxd5 21. Bxe5 Rxc5 22. Bc3 Be6 23. 0-0 Rc4 24. Rfe1 b5 25. Bxg7 Rg8 26. Be5 Bxh3 27. Kh2 Bg4 28. c3 Rc6 29. Bf4 Rc5 30. Bg3 Re8 31. a4 Re6 32. Bh4 Bf5 33. Bg5 Bg4 34. Bh4 Rh5 35. g3 Rd5 36. axb5 Rxd2 37. bxa6 Kb8 38. a7+ Ka8 39. Reb1 Rxf2+ 40. Kg1 Rf8 41. Bg5 Ree8 42. Bf4 Rxf4 43. Rb8+ Rxb8 44. axb8Q+ Kxb8 45. gxf4 e3 46. Ra5 e2 47. Kf2 Kc8 48. f5 Kd8 49. Re5 h5 50. f6 1-0

[Event "Loire-ch Top20 1011"]
[Site "Loire"]
[Date "2011.02.12"]
[Round "5"]
[White "Poncet, Alain"]
[Black "Jan, Christophe"]
[Result "0-1"]
[WhiteElo "1853"]
[BlackElo "1800"]
[PlyCount "60"]
[EventDate "2010.10.09"]
[EventType "swiss"]
[EventRounds "7"]
[EventCountry "FRA"]
[SourceTitle "EXT 2012"]
[Source "ChessBase"]
[SourceDate "2011.11.24"]
[SourceVersion "1"]
[SourceVersionDate "2011.11.24"]
[SourceQuality "1"]

1. e4 c5 2. Nc3 Nc6 3. f4 e6 4. Nf3 d5 5. e5 Nh6 6. Bb5 Bd7 7. Bxc6 Bxc6 8. d3 b5 9. 0-0 Be7 10. b3 0-0 11. Bd2 Qb6 12. Kh1 Rfd8 13. Be1 c4 14. Bf2 Qa5 15. Ne2 Ba3 16. Nfd4 Bb7 17. Be1 Qb6 18. Rb1 cxd3 19. Qxd3 Bc5 20. b4 Bxd4 21. Nxd4 a6 22. Bh4 Rd7 23. Rf3 g6 24. Rg3 Rc8 25. Bf6 Rdc7 26. Ne2 Rxc2 27. Rh3 Ng4 28. Rf1 Nf2+ 29. Rxf2 Qxf2 30. Rxh7 Rc1+ 0-1

[Event "Loire-ch Top20 1011"]
[Site "Loire"]
[Date "2010.10.09"]
[Round "1"]
[White "Jan, Christophe"]
[Black "Deville, Olivier"]
[Result "1-0"]
[WhiteElo "1800"]
[BlackElo "1979"]
[PlyCount "65"]
[EventDate "2010.10.09"]
[EventType "swiss"]
[EventRounds "7"]
[EventCountry "FRA"]
[SourceTitle "EXT 2012"]
[Source "ChessBase"]
[SourceDate "2011.11.24"]
[SourceVersion "1"]
[SourceVersionDate "2011.11.24"]
[SourceQuality "1"]

1. d4 d5 2. c4 c6 3. cxd5 cxd5 4. Bf4 Nf6 5. Nc3 Qb6 6. Rc1 Nc6 7. e3 Qxb2 8. Rc2 Qb4 9. Bd3 Bg4 10. f3 Bh5 11. Qc1 Qa5 12. Rb2 Nb4 13. Bb5+ Kd8 14. a3 Qxa3 15. Bc7+ Kc8 16. Bd6 Nc2+ 17. Qxc2 Qxd6 18. Ne4+ Qc7 19. Nxf6 gxf6 20. Qd2 Kd8 21. Ne2 Rg8 22. Nf4 Rc8 23. 0-0 Bg6 24. Nxd5 Qd6 25. Qa5+ b6 26. Qxa7 Qxd5 27. Qxb6+ Rc7 28. Rc1 Qb7 29. Qa5 Qa7 30. Ba6 Bd3 31. Rxc7 Qxc7 32. Rb8+ Kd7 33. Rb7 1-0